000 00334nam a2200145Ia 4500
008 230718s9999 xx 000 0 und d
041 _aEng.
082 _a3477342
_bHUS-L
100 _aHussnain, Ghulam
245 0 _aLaw of Pleading
260 _aPakistan
_bCourt and Frimnal
_c2015
300 _a252
650 _aLaw
999 _c30808
_d30808